Loading...

രഞ്ജിത്തിന്‍റെ രണ്ടു തിരക്കഥകള്‍ : പ്രാഞ്ചിയേട്ടന്‍, പാലേരിമാണിക്ക്യം ഒരു പാതിരാക്കൊലപാതകത്തിന്റെ കഥ /

Bibliographic Details
Other Authors: Ranjith
Format: Printed Book
Language:English
Published: തൃശൂര്‍ : കറന്റ് ബുക്സ് തൃശൂര്‍, 2013.
Subjects:
LEADER 01234nam a22002177a 4500
008 130626b xxu||||| |||| 00| 0 eng d
999 |c 346  |d 346 
020 |a 9788122610901 
082 |a 791.4375   |b RAN 
100 |a   
240 |a Ranjithinte randu thirakathakal 
245 |a രഞ്ജിത്തിന്‍റെ രണ്ടു തിരക്കഥകള്‍ :  |c രഞ്ജിത്ത്   |b പ്രാഞ്ചിയേട്ടന്‍, പാലേരിമാണിക്ക്യം ഒരു പാതിരാക്കൊലപാതകത്തിന്റെ കഥ / 
260 |a തൃശൂര്‍ :  |b കറന്റ് ബുക്സ് തൃശൂര്‍,  |c 2013. 
300 |a 260p. 
650 |a Screen play 
650 |a തിരക്കഥ  
650 |a പ്രാഞ്ചിയേട്ടന്‍  |v തിരക്കഥ. 
650 |a  പാലേരിമാണിക്ക്യം ഒരു പാതിരാക്കൊലപാതകത്തിന്റെ കഥ  |v തിരക്കഥ. 
700 |a Ranjith 
942 |2 ddc  |c BK 
952 |0 0  |1 0  |2 ddc  |4 0  |6 791_437500000000000_RAN  |7 0  |9 337  |a MAIN  |b MAIN  |d 2013-06-26  |g 195.00  |l 10  |o 791.4375 RAN  |p 432  |r 2019-01-23  |s 2019-01-04  |t 1  |w 2013-06-26  |y BK